Vývoj na finančných trhoch

Pravidelná rubrika z finančného sveta. Udržte si prehľad.

Gespeichert in:
Bibliographische Detailangaben
1. Verfasser: Frkáň, Branislav
Format: Buchkapitel
Sprache:Slowakisch
Schlagworte:
Tags: Tag hinzufügen
Keine Tags, Fügen Sie das erste Tag hinzu!

MARC

LEADER 00000naa a2200000 4500
001 0157037
005 20231129135206.3
041 0 |a slo 
044 |a SK 
245 1 0 |a Vývoj na finančných trhoch  |c Branislav Frkáň 
520 |a Pravidelná rubrika z finančného sveta. Udržte si prehľad. 
610 2 0 |a trh finančný 
610 2 0 |a dlhopisy štátne 
610 2 0 |a ukazovatele makroekonomické 
610 2 0 |a rating úverový 
100 1 |a Frkáň, Branislav